000 00430nam a2200145Ia 4500
008 151213s9999 xx 000 0 und d
100 _aDavid Giselquist
245 _aEasing Barriers to Movement of Plant Varieties for Agricultural Development
_cDavid Giselquist
260 _aWashington D. C
_bWorld Bank
_c1997
300 _a2028 p.
650 _aAgricultural
650 _aScience
700 _aDavid Giselquist
999 _c1486
_d1486